Core Java 2. (Record no. 163537)

MARC details
000 -LEADER
fixed length control field 00914nam a2200277 a 4500
008 - FIXED-LENGTH DATA ELEMENTS--GENERAL INFORMATION
fixed length control field
020 ## - INTERNATIONAL STANDARD BOOK NUMBER
International Standard Book Number 0130471771 (pbk. )
049 0# - LOCAL HOLDINGS (OCLC)
Holding library MAIN
090 ## - LOCALLY ASSIGNED LC-TYPE CALL NUMBER (OCLC); LOCAL CALL NUMBER (RLIN)
Classification number (OCLC) (R) ; Classification number, CALL (RLIN) (NR) QA76.73 HOR
003 - CONTROL NUMBER IDENTIFIER
control field
005 - DATE AND TIME OF LATEST TRANSACTION
control field 20230123134312.0
040 ## - CATALOGING SOURCE
Transcribing agency NUST
100 1# - MAIN ENTRY--PERSONAL NAME
Personal name Horstmann, Cay S.
245 10 - TITLE STATEMENT
Title Core Java 2.
Number of part/section of a work Vol. I,
Name of part/section of a work Fundamentals /
Statement of responsibility, etc. Cay S. Horstmann, Gary Cornell.
250 ## - EDITION STATEMENT
Edition statement [Rev. & expanded 5th ed.]
260 ## - PUBLICATION, DISTRIBUTION, ETC.
Place of publication, distribution, etc. Palo Alto :
Name of publisher, distributor, etc. Sun Microsystems Press,
Date of publication, distribution, etc. c2003.
300 ## - PHYSICAL DESCRIPTION
Extent xxi, 728 p. :
Other physical details ill. ;
Dimensions 24 cm. +
Accompanying material 1 computer optical disc (4 3/4 in.)
440 #4 - SERIES STATEMENT/ADDED ENTRY--TITLE
Title The Sun Microsystems Press Java series
500 ## - GENERAL NOTE
General note Includes index.
500 ## - GENERAL NOTE
General note "Covers J2SE versions 1.3/1.4"--Cover.
500 ## - GENERAL NOTE
General note "A Prentice Hall title."
650 #0 - SUBJECT ADDED ENTRY--TOPICAL TERM
Topical term or geographic name entry element Java (Computer program language)
700 1# - ADDED ENTRY--PERSONAL NAME
Personal name Cornell, Gary.
907 ## - LOCAL DATA ELEMENT G, LDG (RLIN)
a .b10222625
b 22-02-07
c 12-12-06
942 ## - ADDED ENTRY ELEMENTS (KOHA)
Koha item type Ordinary Loan Books
Call number prefix QA76.73 HOR
Holdings
Date last seen Total Checkouts Full call number Barcode Cost, replacement price Price effective from Koha item type Lost status Source of classification or shelving scheme Damaged status Not for loan Collection Withdrawn status Home library Current library Shelving location Date acquired Cost, normal purchase price
01/23/2023   QA76.73 HOR 92004005526 80.00 01/23/2023 BOOKS   LCC     NFIC   MAIN MAIN GEN 01/23/2023 80.00